(Record no. 180923)
[ view plain ]
| 000 -CABECERA | |
|---|---|
| campo de control de longitud fija | 00395nam a2200133Ia 4500 |
| 001 - NÚMERO DE CONTROL | |
| campo de control | IA_c.2, c.3, c.4, c.5 es material fotocopiado |
| 008 - DATOS DE LONGITUD FIJA--INFORMACIÓN GENERAL | |
| campo de control de longitud fija | 220117s xx 000 0 und d |
| 010 ## - NÚMERO DE CONTROL DE LA BIBLIOTECA DEL CONGRESO | |
| Número de control de LC | 180923 |
| 650 ## - PUNTO DE ACCESO ADICIONAL DE MATERIA--TÉRMINO DE MATERIA | |
| Término de materia o nombre geográfico como elemento de entrada | Aire acondicionado. |
| 9 (RLIN) | 3151 |
| 650 ## - PUNTO DE ACCESO ADICIONAL DE MATERIA--TÉRMINO DE MATERIA | |
| Término de materia o nombre geográfico como elemento de entrada | Refrigeración. |
| 9 (RLIN) | 95611 |
| 942 ## - ELEMENTOS DE PUNTO DE ACCESO ADICIONAL (KOHA) | |
| Tipo de ítem Koha | |
No items available.
